00450nam a2200181Ia 4500008004100000020001800041050001400059100001900073245003200092245004500124260001500169260001600184260000900200300001400209300002700223300001000250500000800260170918s9999 xx 000 0 und d a9780439784276 bM145 2002 aMcGhee, Alison aCountdown to kindergarten / cAlison McGhee ; pictures by Harry Bliss. aNew York : bScholastic, c2002 aunpaged : bcolored illustration ; c28cm. a380